| 000 | 01110nam a2200205Ia 4500 | ||
|---|---|---|---|
| 999 |
_c38346 _d38346 |
||
| 001 | 4356 | ||
| 003 | GE_BSU | ||
| 005 | 20191010144629.0 | ||
| 008 | 181216s1967||||ge |||||||||||||| ||geo|| | ||
| 040 | _cGE_BSU | ||
| 041 | _ageo | ||
| 080 | _a821.353.1–91+398.21(479.22) ქ-27 | ||
| 245 |
_aქართული ხალხური საისტორიო სიტყვიერება : _bტ. 3. / _cტექსტის მომზადება, რედ., შესავ. და შენიშვნ. ქ. სიხარულიძის. |
||
| 264 |
_aთბილისი : _bმეცნიერება, _c1967. |
||
| 300 |
_a507 გვ. ; _b21 სმ. |
||
| 653 | _aქართული ხალხური ისტორიული სიტყვიერება | ||
| 700 |
_aსიხარულიძე, ქ. _eრედაქტორი _94124 |
||
| 710 |
_aსაქ. სსრ მეცნ. აკად., შოთა რუსთაველის სახ. ქართული ლიტერატურის ინ-ტი. _94675 |
||
| 942 |
_cBK _2udc |
||